009210000a22002050004500090001400000245013100014650004500145650003200190650003800222650001700260651002300277041001300300700002700313700003600340100003000376942001300406773005200419999001700471952022700488 aARb0329710aSpecies and environment representation: selecting reserves for the retention of avian diversity in KwaZulu-natal, South Africa14aSelección de áreas protegidas99286414aConservación de aves960214aAutocorrelación espacial99612914aClima992779 4pSudáfrica9927490 aInglés1 aReyers, Belinda9969061 aJaarsveld van, Albert S.9969071 aFairbanks, Dean H.996908 cARTICULO1 tBiological Conservation3893q365-379d2001g98 c12348d12348 001040718HEMEROTECAaBogotabBogotad2015-02-27eRevista de la Academia Colombiana de Ciencias Exactas, Fisicas y NahFuera de circulaciónl0oAR 03297p013758r2015-03-25 00:00:00t1w2015-03-25xDonaciónyARTICULO